| 000 | 02153 a2200181 4500 | ||
|---|---|---|---|
| 003 | Nust | ||
| 005 | 20221024175222.0 | ||
| 020 | _a8121901030 | ||
| 040 | _cNust | ||
| 082 | _a621.3,GUP | ||
| 100 |
_aGupta, B.R. _957933 |
||
| 245 |
_aPrinciples of electrical engineering / _cB.R.Gupta |
||
| 260 |
_aNew Delhi _bS. Chand _c2001 |
||
| 300 | _a936 p. | ||
| 505 | _aUnits (Page-1), Electrostatics (Page-7), Current , Voltage , Power and Energy (Page-21), Conductors and Resistors (Page-36), Dielectrically and Capacitors (Page-57), Primary and Secondary Cells (Page-77), Network Analysis (Page-93), Electromagnetic (Page-126), Magnetics Circuits (Page-141), Magnetically Induced Voltage (Page-160), Self and Mutual Inductance (Page-170), Circuits Transients (Page-187), Alternating Voltage and Current (Page-), Ac Circuits With Single Elements R,L,C (Page-232), Series AC Circuits (Page-246), Parallel and Series Parallel Circuits (Page-267), Resonance (page-292) Harmonics (page-305) Polyphase Circuits (page-322) Two Ports Networks (Page-340) Wave Filters (page-356) Measuring Instruments (Page-375) Ammeters and Voltmeters (Page-381) Measurements of Power and Energy (page-397) Measurements of Resistance (page-413) Potentiometers (Page-426), Ac Bridges (page-440), Miscellaneous Measurements (Page-457), Constructions of DC Machines (Page-464), Commutation and Armature Reaction in DC Generators (Page-476), Characteristics of DC Generators (Page-486), DC Motors (Page-502), Losses , (Page-528), Transformers (Page-547) Transformers (Page-571), Polyphase Induction Motors (Page-595), Alternators (Page-632), Synchronous Motor s (Page-654), Single Phase Motors (Page-669), Electronic Valves (Page-679), Semiconductors and Transistors (Page-694), Rectifiers (Page-713), Vacuum Tube Amplifiers (Page-728), Transistors Amplifiers (Page-748), Feedback Circuits (Page-783), Electronics Instruments (Page-797), Transducers (Page-806), Internal Wiring (Page-840), Illumination (Page-852), Tariffs and Power Factor Improvements (Page-875), Integrated Circuits and Operational Amplifiers (Page-887). | ||
| 650 | _aElectrical engineering | ||
| 942 |
_2ddc _cBK |
||
| 999 |
_c190560 _d190560 |
||